All teams Liverpool FC have played in European Football - Statistics

General Stats
  • This quiz has been taken 70 times
  • The average score is 138 of 236
Answer Stats
Country Season Competition Round Answer % Correct
France 1996-97 Cup Winners Cup SF Paris Saint-Germain
96%
France 2018-19 Champions League GS Paris Saint-Germain
96%
Italy 2004-05 Champions League Final AC Milan
95%
Italy 2006-07 Champions League Final AC Milan
95%
Italy 2021-22 Champions League GS AC Milan
95%
Italy 2024-25 Champions League GS AC Milan
95%
England 2017-18 Champions League QF Manchester City
95%
England 2015-16 Europa League R16 Manchester United
95%
Spain 1980-81 European Cup Final Real Madrid
95%
Spain 2008-09 Champions League R16 Real Madrid
95%
Spain 2014-15 Champions League GS Real Madrid
95%
Spain 2017-18 Champions League Final Real Madrid
95%
Spain 2020-21 Champions League QF Real Madrid
95%
Spain 2021-22 Champions League Final Real Madrid
95%
Spain 2022-23 Champions League R16 Real Madrid
95%
Spain 2024-25 Champions League GS Real Madrid
95%
Spain 1975-76 UEFA Cup SF Barcelona
93%
Spain 2000-01 UEFA Cup SF Barcelona
93%
Spain 2001-02 Champions League GS2 Barcelona
93%
Spain 2006-07 Champions League R16 Barcelona
93%
Spain 2018-19 Champions League SF Barcelona
93%
West Germany 1970-71 Fairs Cup QF Bayern Munich
93%
West Germany 1971-72 Cup Winners Cup R2 Bayern Munich
93%
West Germany 1980-81 European Cup SF Bayern Munich
93%
Germany 2001-02 UEFA Super Cup Final Bayern Munich
93%
Germany 2018-19 Champions League R16 Bayern Munich
93%
Italy 1964-65 European Cup SF Inter Milan
93%
Italy 2007-08 Champions League R16 Inter Milan
93%
Italy 2021-22 Champions League R16 Inter Milan
93%
Netherlands 1966-67 European Cup R2 Ajax
91%
Netherlands 2020-21 Champions League GS Ajax
91%
Netherlands 2022-23 Champions League GS Ajax
91%
West Germany 1965-66 Cup Winners Cup Final Borussia Dortmund
91%
Germany 2001-02 Champions League GS1 Borussia Dortmund
91%
Germany 2015-16 Europa League QF Borussia Dortmund
91%
England 2004-05 Champions League SF Chelsea
91%
England 2005-06 Champions League GS Chelsea
91%
England 2006-07 Champions League SF Chelsea
91%
England 2007-08 Champions League SF Chelsea
91%
England 2008-09 Champions League QF Chelsea
91%
England 2019-20 UEFA Super Cup Final Chelsea
91%
Italy 1965-66 Cup Winners Cup R1 Juventus
91%
Italy 1984-85 European Super Cup Final Juventus
91%
Italy 1984-85 European Cup Final Juventus
91%
Italy 2004-05 Champions League QF Juventus
91%
Netherlands 2006-07 Champions League GS PSV Eindhoven
89%
Netherlands 2006-07 Champions League QF PSV Eindhoven
89%
Netherlands 2008-09 Champions League GS PSV Eindhoven
89%
Netherlands 2024-25 Champions League GS PSV Eindhoven
89%
Spain 2008-09 Champions League GS Atletico Madrid
88%
Spain 2009-10 Europa League SF Atletico Madrid
88%
Spain 2019-20 Champions League R16 Atletico Madrid
88%
Spain 2021-22 Champions League GS Atletico Madrid
88%
Germany 2001-02 Champions League QF Bayer Leverkusen
86%
Germany 2004-05 Champions League R16 Bayer Leverkusen
86%
Germany 2024-25 Champions League GS Bayer Leverkusen
86%
Portugal 2000-01 UEFA Cup QF FC Porto
86%
Portugal 2007-08 Champions League GS FC Porto
86%
Portugal 2017-18 Champions League R16 FC Porto
86%
Portugal 2018-19 Champions League QF FC Porto
86%
Portugal 2021-22 Champions League GS FC Porto
86%
England 1972-73 UEFA Cup SF Tottenham Hotspur
86%
England 2018-19 Champions League Final Tottenham Hotspur
86%
Italy 1983-84 European Cup Final AS Roma
84%
Italy 2000-01 UEFA Cup R4 AS Roma
84%
Italy 2001-02 Champions League GS2 AS Roma
84%
Italy 2017-18 Champions League SF AS Roma
84%
Scotland 1965-66 Cup Winners Cup SF Celtic
84%
Scotland 1997-98 UEFA Cup R1 Celtic
84%
Scotland 2002-03 UEFA Cup QF Celtic
84%
Scotland 2022-23 Champions League GS Rangers
84%
Italy 2010-11 Europa League GS Napoli
82%
Italy 2018-19 Champions League GS Napoli
82%
Italy 2019-20 Champions League GS Napoli
82%
Italy 2022-23 Champions League GS Napoli
82%
Portugal 1977-78 European Cup QF Benfica
81%
Portugal 1983-84 European Cup QF Benfica
81%
Portugal 1984-85 European Cup R2 Benfica
81%
Portugal 2005-06 Champions League R16 Benfica
81%
Portugal 2009-10 Europa League QF Benfica
81%
Portugal 2021-22 Champions League QF Benfica
81%
England 2007-08 Champions League QF Arsenal
79%
Belgium 1975-76 UEFA Cup Final Club Brugge
79%
Belgium 1977-78 European Cup Final Club Brugge
79%
France 2009-10 Europa League R16 LOSC Lille
79%
France 2024-25 Champions League GS LOSC Lille
79%
France 2009-10 Champions League GS Olympique Lyon
79%
France 2003-04 UEFA Cup R4 Olympique Marseille
79%
France 2007-08 Champions League GS Olympique Marseille
79%
France 2008-09 Champions League GS Olympique Marseille
79%
Spain 2015-16 Europa League SF Villarreal
77%
Spain 2021-22 Champions League SF Villarreal
77%
Turkey 2001-02 Champions League GS2 Galatasaray
74%
Turkey 2006-07 Champions League GS Galatasaray
74%
Spain 2015-16 Europa League Final Sevilla
74%
Spain 2017-18 Champions League GS Sevilla
74%
Spain 1998-99 UEFA Cup R2 Valencia
74%
Spain 2002-03 Champions League GS1 Valencia
74%
Germany 2020-21 Champions League R16 RB Leipzig
72%
Germany 2024-25 Champions League GS RB Leipzig
72%
Italy 2020-21 Champions League GS Atalanta
70%
Italy 2023-24 Europa League QF Atalanta
70%
Italy 2024-25 Champions League GS Bologna
68%
France 2004-05 Champions League GS AS Monaco
67%
Turkey 2007-08 Champions League GS Besiktas
67%
Turkey 2014-15 Europa League R32 Besiktas
67%
Switzerland 2002-03 Champions League GS1 FC Basel
67%
Switzerland 2014-15 Champions League GS FC Basel
67%
Austria 2019-20 Champions League GS Red Bull Salzburg
67%
Switzerland 2012-13 Europa League GS Young Boys
67%
Yugoslavia 1973-74 European Cup R2 Red Star Belgrade
65%
Russia 2012-13 Europa League R32 Zenit Saint Petersburg
65%
Serbia 2018-19 Champions League GS Red Star Belgrade
63%
Belgium 1964-65 European Cup R1 RSC Anderlecht
63%
Belgium 1978-79 European Super Cup Final RSC Anderlecht
63%
Belgium 2005-06 Champions League GS RSC Anderlecht
63%
Germany 2017-18 Champions League PO 1899 Hoffenheim
61%
Spain 2024-25 Champions League GS Girona
61%
Scotland 1980-81 European Cup R2 Aberdeen
60%
Spain 1968-69 Fairs Cup R1 Athletic Bilbao
60%
Spain 1983-84 European Cup R2 Athletic Bilbao
60%
East Germany 1977-78 European Cup R2 Dynamo Dresden
60%
Italy 2009-10 Champions League GS Fiorentina
58%
Czech Republic 2010-11 Europa League R32 Sparta Prague
58%
Czech Republic 2023-24 Europa League R16 Sparta Prague
58%
West Germany 1977-78 European Super Cup Final Hamburg SV
56%
Russia 1992-93 Cup Winners Cup R2 Spartak Moscow
56%
Russia 2002-03 Champions League GS1 Spartak Moscow
56%
Russia 2017-18 Champions League GS Spartak Moscow
56%
West Germany 1972-73 UEFA Cup R1 Eintracht Frankfurt
54%
Scotland 2012-13 Europa League PO Hearts
54%
Greece 2000-01 UEFA Cup R3 Olympiakos
54%
Greece 2004-05 Champions League GS Olympiakos
54%
Spain 1975-76 UEFA Cup R2 Real Sociedad
54%
Portugal 2010-11 Europa League R16 SC Braga
54%
West Germany 1972-73 UEFA Cup Final Borussia Monchengladbach
53%
West Germany 1976-77 European Cup Final Borussia Monchengladbach
53%
West Germany 1977-78 European Cup SF Borussia Monchengladbach
53%
Russia 2005-06 UEFA Super Cup Final CSKA Moscow
53%
France 2007-08 Champions League QR3 Toulouse
53%
France 2023-24 Europa League GS Toulouse
53%
Netherlands 1981-82 European Cup R2 AZ Alkmaar
51%
Belgium 2019-20 Champions League GS KRC Genk
51%
France 2006-07 Champions League GS Bordeaux
49%
France 2015-16 Europa League GS Bordeaux
49%
Switzerland 1976-77 European Cup SF FC Zurich
49%
Sweden 1967-68 Fairs Cup R1 Malmo FF
49%
England 1978-79 European Cup R1 Nottingham Forest
49%
France 1976-77 European Cup QF Saint-Etienne
49%
Spain 2004-05 Champions League GS Deportivo La Coruna
47%
Finland 1982-83 European Cup R2 HJK Helsinki
47%
England 1970-71 Fairs Cup SF Leeds United
47%
Greece 1984-85 European Cup SF Panathinaikos
47%
Austria 1984-85 European Cup QF Austria Vienna
44%
Slovenia 2017-18 Champions League GS NK Maribor
44%
Spain 2005-06 Champions League GS Real Betis
44%
Romania 2003-04 UEFA Cup R2 Steaua Bucharest
44%
Romania 2010-11 Europa League GS Steaua Bucharest
44%
West Germany 1964-65 European Cup QF FC Koln
42%
Hungary 1967-68 Fairs Cup R3 Ferencvaros
42%
Hungary 1970-71 Fairs Cup R1 Ferencvaros
42%
Hungary 1974-75 Cup Winners Cup R2 Ferencvaros
42%
Italy 1991-92 UEFA Cup QF Genoa
40%
Belgium 1965-66 Cup Winners Cup R2 Standard Liege
40%
Belgium 2008-09 Champions League QR3 Standard Liege
40%
Spain 2000-01 UEFA Cup Final Alaves
39%
Bulgaria 1980-81 European Cup QF CSKA Sofia
39%
Bulgaria 1981-82 European Cup QF CSKA Sofia
39%
Bulgaria 2005-06 Champions League QR3 CSKA Sofia
39%
France 1991-92 UEFA Cup R2 AJ Auxerre
37%
France 2002-03 UEFA Cup R4 AJ Auxerre
37%
Austria 2023-24 Europa League GS LASK
37%
Italy 2012-13 Europa League GS Udinese
37%
Portugal 2001-02 Champions League GS1 Boavista
35%
Poland 1984-85 European Cup R1 Lech Poznan
33%
Turkey 1976-77 European Cup R2 Trabzonspor
33%
Turkey 2010-11 Europa League PO Trabzonspor
33%
Denmark 1995-96 UEFA Cup R2 Brondby IF
32%
Spain 1998-99 UEFA Cup R3 Celta Vigo
32%
Scotland 1970-71 Fairs Cup R3 Hibernian
32%
Scotland 1975-76 UEFA Cup R1 Hibernian
32%
Bulgaria 2014-15 Champions League GS Ludogorets Razgrad
32%
Israel 2006-07 Champions League QR3 Maccabi Haifa
32%
Denmark 2020-21 Champions League GS FC Midtjylland
30%
Russia 2015-16 Europa League GS Rubin Kazan
30%
Wales 2005-06 Champions League QR1 Total Network Solutions
30%
Belgium 2023-24 Europa League GS Union Saint-Gilloise
30%
Greece 1972-73 UEFA Cup R2 AEK Athens
28%
Russia 2012-13 Europa League GS Anzhi Makhachkala
28%
Germany 2015-16 Europa League R32 FC Augsburg
28%
Netherlands 2010-11 Europa League GS FC Utrecht
28%
France 1997-98 UEFA Cup R2 RC Strasbourg
28%
Hungary 1965-66 Cup Winners Cup QF Budapest Honved
26%
East Germany 1975-76 UEFA Cup QF Dynamo Dresden
26%
Switzerland 1996-97 Cup Winners Cup R2 FC Sion
26%
Switzerland 2015-16 Europa League GS FC Sion
26%
Romania 1970-71 Fairs Cup R2 Dinamo Bucharest
25%
Romania 1983-84 European Cup SF Dinamo Bucharest
25%
Republic of Ireland 1969-70 Fairs Cup R1 Dundalk
25%
Republic of Ireland 1982-83 European Cup R1 Dundalk
25%
East Germany 1972-73 UEFA Cup QF Dynamo Dresden
25%
Switzerland 1971-72 Cup Winners Cup R1 Servette
25%
Netherlands 2002-03 UEFA Cup R3 Vitesse Arnhem
25%
Hungary 2009-10 Champions League GS Debrecen
23%
Iceland 1964-65 European Cup PR KR Reykjavik
23%
Lithuania 2005-06 Champions League QR2 FBK Kaunas
21%
Bulgaria 2003-04 UEFA Cup R3 Levski Sofia
21%
Poland 1982-83 European Cup QF Widzew Lodz
21%
Slovenia 2003-04 UEFA Cup R1 Olimpija Ljubljana
19%
Norway 1996-97 Cup Winners Cup QF SK Brann
19%
Ukraine 2001-02 Champions League GS1 Dynamo Kyiv
18%
West Germany 1967-68 Fairs Cup R2 1860 Munich
16%
Northern Ireland 1976-77 European Cup R1 Crusaders
16%
Romania 2000-01 UEFA Cup R1 Rapid Bucharest
16%
Romania 2009-10 Europa League R32 Unirea Urziceni
16%
East Germany 1972-73 UEFA Cup R3 Dynamo Berlin
14%
Finland 1996-97 Cup Winners Cup R1 MyPa
14%
Macedonia 2010-11 Europa League QR3 Rabotnicki
14%
Norway 1974-75 Cup Winners Cup R1 Stromsgodset
14%
Soviet Union 1979-80 European Cup R1 Dinamo Tbilisi
12%
Austria 2004-05 Champions League QR3 Grazer AK
12%
Czech Republic 2000-01 UEFA Cup R2 Slovan Liberec
12%
Belarus 2012-13 Europa League QR3 Gomel
11%
Slovakia 1998-99 UEFA Cup R1 Kosice
11%
Luxembourg 1973-74 European Cup R1 Jeunesse Esch
7%
Denmark 1983-84 European Cup R1 Odense
7%
Portugal 1969-70 Fairs Cup R2 Vitoria de Setubal
7%
Romania 1966-67 European Cup R1 Petrolul Ploiesti
4%
Cyprus 1992-93 Cup Winners Cup R1 Apollon Limassol
2%
Finland 2001-02 Champions League QR3 FC Haka
2%
Finland 1991-92 UEFA Cup R1 Kuusysi Lahti
2%
Finland 1980-81 European Cup R1 OPS
2%
Finland 1981-82 European Cup R1 OPS
2%
Poland 1975-76 UEFA Cup R3 Slask Wroclaw
2%
Austria 1991-92 UEFA Cup R3 Swarovski Tirol
2%
Russia 1995-96 UEFA Cup R1 Spartak Vladikavkaz
0%
No matching quizzes found
Score Distribution
Percent of People with Each Score
Percentile by Number Answered
Your Score History
You have not taken this quiz